000 00450nam a2200145 i 4500
001 74664
003 ES-MaACL
007 t|
008 040920s1929 sp ||||1| spa d
100 1 _aGorbea Lemmi, Eusebio de.
_959131
245 1 4 _aLos que no perdonan
_b: drama en cuatro actos /
_cEusebio de Gorbea Lemmi.
260 _aMadrid :
_b[s.n.,
_c1929] (
_fG. Hernández y Galo Sèz)
300 _a257 p. ;
_c15 cm.
852 _aES-MaACL
_jB-3810
_bR.8296
999 _c74664
_d74664